00962nab a22002057a 4500003000400000005001700004008004100021040000700062100003200069245008600101260007200187300001200259500003400271505019000305505008900495650001800584650001200602650002400614773011800638OSt20251205123014.0190502c xxu||||| |||| 00| 0 spa d cPJ aFounburg, Mariano Nicolás13aSecuestros virtuales : b¿ardid o intimidación? /cMariano Nicolás Founburg. aCiudad Autónoma de Buenos Aires :bThomson Reuters La Ley,c2025. ap. 3-10 aCita Online: AR/DOC/543/2025. aSumario: I. Introducción.— II. Modalidad y encuadre legal de los secuestros virtuales.— III. Criterio de la Justicia Nacional en lo Criminal y Correccional. — IV. Conclusión.  t¿Te interesa el texto completo? Solicitalo al correo: koha@justierradelfuego.gov.ar 0aDERECHO PENAL 0aDELITOS 0aSECUESTRO EXTORSIVO0 02729dBuenos Aires : LexisNexis, 2006-tRevista de derecho penal y procesal penal. Nº 5 - Mayo 2025z9875920622